Basketball - Statistics

General Stats
  • This quiz has been taken 6 times
  • The average score is 8 of 9
Answer Stats
Hint Answer % Correct
Lakers (1979-1991)nicknamed "Magic _____"
guard 5 NBA championships and 3 NBA MVPs
Ervin Johnson
100%
Lakers (1996-2015) guard 5 NBA championships and 1 NBA MVP 4th all time leading scorer Kobe Bryant
100%
Celtics (1979-1992)3 NBA championships and 3 NBA MVPs known for rivalry with one above Larry Bird
100%
Cavaliers, Heat, and Lakers (2003-present)4 NBA championships and 4 NBA MVPs Lebron James
100%
Bulls (1984-2003)regarded as the best basketball player of all time 6 NBA championship and 5 NBA MVPs 4 all-time leading scorer Michael Jordan
100%
76ers and Lakers (1959-1973)center 2 NBA Championships and 4 NBA MVPs only player to score 100 points in 1 game 5 all-time scorer in NBA Wilt Chamberlain
100%
6 different teams, but best known on Lakers (1996-2004)center 4 NBA championships and 1 NBA MVP 6 all time leading scorers in NBA Shaquille O'Neal
83%
Bucks and Lakers (1969-1989)center 6 NBA championships and 6 NBA MVPs 2nd all time leading scorer Kareem Abdul-Jabbar
67%
the NBA championship trophy Larry O'Brien Trophy
0%
No matching quizzes found
Score Distribution
Percent of People with Each Score
Percentile by Number Answered
Your Score History
You have not taken this quiz